000 00993nam a2200325Ia 4500
001 D4424
003 IT-RoPAU
008 130308s9999 xx 000 0 und d
040 _aIT-RoPAU
040 _cIT-RoPAU
041 _aITALIANO
100 _aDe Giorgi Ennio
100 _gCodice Aut. SPICS: 44705
245 _aDenunce di Amnesty International (Le)
245 _bDiritti Umani (I). dottrina e Prassi
250 _a1a ed.
260 _aROMA
260 _bAve
260 _c1982 [1° Ed.:1982 - Ed.Ling.Originale:1982]
300 _a"12 p. (prefazione: no ; testo: 12 [pagine: 839-850])"
500 _aMovimento Mondiale Indipendente. Opera Altamente Umanitaria. Rapporti Su: Argentina, Cina, Etiopia, Iran, Urss, Sudafrica. Contributo Alla Causa della Pace.
650 _aDIRITTO GENERALE
650 _eCodice materia Spics: 4601
700 _aSbordone Carlo
700 _gCodice Aut. SPICS: 44706
942 _cBK
957 _71
999 _c76673
_d76673
999 _bSI
999 _g1